A handbook on discipleship : (Record no. 95208)

MARC details
000 -LEADER
fixed length control field 00618nam a22001937a 4500
005 - DATE AND TIME OF LATEST TRANSACTION
control field 20151015123922.0
010 ## - LCCN (DPL NO)
LC control number ENG-113654
020 ## - INTERNATIONAL STANDARD BOOK NUMBER
International Standard Book Number 9788189430054
Terms of availability 170.00
035 ## - SYSTEM CONTROL NUMBER
System control number EN-97186
037 ## - SOURCE OF ACQUISITION
Source of stock number/acquisition DBAD/PUB
082 ## - DEWEY DECIMAL CLASSIFICATION NUMBER
Classification number 230.53
100 ## - MAIN ENTRY--PERSONAL NAME
Personal name Kriyananda, Swami
245 ## - TITLE STATEMENT
Title A handbook on discipleship :
Statement of responsibility, etc by Swami Kriyananda
Remainder of title based on the teachings of Paramhansa Yogananda /
260 ## - PUBLICATION, DISTRIBUTION, ETC. (IMPRINT)
Place of publication, distribution, etc Gurgaon
Name of publisher, distributor, etc Ananda Sangha Publications
Date of publication, distribution, etc 2014
270 ## - ADDRESS
City Gurgaon
Address B-10/8, DLF Phase- I
300 ## - PHYSICAL DESCRIPTION
Extent 158p.
Dimensions 21cm(pbk)
490 ## - SERIES STATEMENT
Series statement Ananda course in self- realization
942 ## - ADDED ENTRY ELEMENTS (KOHA)
Source of classification or shelving scheme Dewey Decimal Classification
Item type English Books
Call number suffix KRI
Classification part 230.53
Holdings
Withdrawn status Lost status Not for loan Collection code Home library Current library Date acquired Source of acquisition Cost, normal purchase price Full call number Barcode Copy number Cost, replacement price Koha item type
    Not For Loan Non-fiction D.B.Act.Division D.B.Act.Division 24/07/2015 DBAD/PUB 170.00 230.53 KRI EN-97186 1 170.00 English Books

© Delhi Public Library
Hit Counter
free hit counter